| 000 | 00366nam a22001457a 4500 | ||
|---|---|---|---|
| 082 |
_aT 781.3 _bSUN/G |
||
| 100 | _aSundaram P M | ||
| 245 |
_aGeeta sundaram: _bmusical compositions of gurukrupa/ _cby Sundaram P M |
||
| 260 |
_aChennai: _bP P Printers, _c2008. |
||
| 300 | _a244p. | ||
| 650 | _aCompositions Music | ||
| 650 | _aMusic | ||
| 650 | _aArts | ||
| 942 | _cBK | ||
| 999 |
_c64258 _d64258 |
||